[Event "GCT Rapid Paris 2019"]
[Site "Paris FRA"]
[Date "2019.07.28"]
[Round "6"]
[White "Grischuk, Alexander"]
[Black "Vachier-Lagrave, Maxime"]
[Result "1/2-1/2"]
[WhiteElo "2766"]
[BlackElo "2775"]
[PlyCount "78"]
[EventDate "2019.07.27"]

1. d4 Nf6 2. c4 g6 3. h4 Bg7 4. Nc3 O-O 5. e4 d6 6. Be2 c5 7. d5 e6 8. h5 exd5
9. exd5 Re8 10. h6 Bh8 11. Bg5 Qb6 12. b3 Qa5 13. Bd2 Qd8 14. Kf1 Ne4 15. Nxe4
Rxe4 16. Rc1 Rh4 17. Rxh4 Qxh4 18. g3 Qd8 19. Kg2 Nd7 20. Nf3 Ne5 21. Nxe5 Bxe5
22. Bd3 Bd7 23. Qf3 f5 24. Re1 Qf6 25. b4 cxb4 26. Bxb4 b6 27. Bd2 Re8 28. Qd1
f4 29. Qf3 fxg3 30. Qxf6 Bxf6 31. Rxe8+ Bxe8 32. fxg3 Kf8 33. g4 Ke7 34. g5 Bd4
35. Kf3 Bd7 36. Be3 Bc3 37. Bc2 Kf7 38. Be4 Bb4 39. Bd4 Bc5 1/2-1/2

[Event "GCT Rapid Paris 2019"]
[Site "Paris FRA"]
[Date "2019.07.28"]
[Round "6"]
[White "Caruana, Fabiano"]
[Black "Nepomniachtchi, Ian"]
[Result "0-1"]
[WhiteElo "2819"]
[BlackElo "2775"]
[PlyCount "126"]
[EventDate "2019.07.27"]

1. e4 d6 2. d4 Nf6 3. Nc3 g6 4. Be3 Bg7 5. Qd2 a6 6. Bh6 O-O 7. O-O-O b5 8.
Bxg7 Kxg7 9. f3 Nc6 10. h4 e5 11. Nge2 b4 12. Nd5 h5 13. Nxb4 Nxd4 14. Nxd4
exd4 15. Nc6 Qe8 16. Nxd4 Qa4 17. Kb1 c5 18. Ne2 Rb8 19. b3 Be6 20. Qc3 c4 21.
Nf4 Rfc8 22. Rd4 cxb3 23. Nxe6+ fxe6 24. axb3 Qe8 25. Qd2 a5 26. Ba6 Rc6 27.
Rxd6 Rbb6 28. Rxc6 Qxc6 29. Be2 a4 30. b4 Qc5 31. c3 Qf2 32. Rd1 Qxg2 33. Qe3
Rb7 34. Rg1 Qh2 35. Qg5 Ng4 36. Re1 Qf2 37. Qd2 Ne5 38. Rf1 Qxh4 39. f4 Rd7 40.
Qe1 Qxe1+ 41. Rxe1 Nf7 42. Kc2 e5 43. f5 h4 44. fxg6 Kxg6 45. b5 Kg5 46. c4 h3
47. c5 Kf4 48. b6 Nd8 49. Bb5 Rh7 50. c6 Nxc6 51. Bxc6 Rh6 52. Bd7 h2 53. b7
Rb6 54. Bc8 a3 55. Kc3 Kg3 56. Ra1 a2 57. Be6 Rxb7 58. Bb3 Ra7 59. Kc4 Rh7 60.
Kc5 h1=Q 61. Rxh1 Rxh1 62. Bxa2 Kf4 63. Bd5 Re1 0-1

[Event "GCT Rapid Paris 2019"]
[Site "Paris FRA"]
[Date "2019.07.28"]
[Round "6"]
[White "Duda, Jan-Krzysztof"]
[Black "Anand, Viswanathan"]
[Result "1/2-1/2"]
[WhiteElo "2729"]
[BlackElo "2764"]
[PlyCount "71"]
[EventDate "2019.07.27"]

1. Nf3 d5 2. c4 e6 3. b3 d4 4. g3 Nc6 5. Bg2 e5 6. d3 Bb4+ 7. Nbd2 a5 8. a3 Be7
9. O-O Nf6 10. Rb1 Nd7 11. Ne1 O-O 12. Nc2 Nc5 13. Ne4 Nxe4 14. Bxe4 Bh3 15.
Re1 Qd7 16. b4 axb4 17. axb4 Bf5 18. Bh1 Nd8 19. e3 c6 20. exd4 exd4 21. Rb3
Bf6 22. h4 Bg4 23. Bf3 Bxf3 24. Qxf3 Ne6 25. b5 c5 26. Re2 b6 27. Rb1 Ra2 28.
Ra1 Rxa1 29. Nxa1 Qa7 30. Nc2 Qa8 31. Kg2 Qxf3+ 32. Kxf3 h5 33. Bf4 Ra8 34. Bd6
Rd8 35. Bf4 Ra8 36. Bd6 1/2-1/2

[Event "GCT Rapid Paris 2019"]
[Site "Paris FRA"]
[Date "2019.07.28"]
[Round "6"]
[White "Mamedyarov, Shakhriyar"]
[Black "Giri, Anish"]
[Result "1-0"]
[WhiteElo "2765"]
[BlackElo "2779"]
[PlyCount "85"]
[EventDate "2019.07.27"]

1. d4 Nf6 2. Bg5 d5 3. Bxf6 gxf6 4. c4 e5 5. e3 exd4 6. exd4 Bb4+ 7. Nc3 O-O 8.
Qf3 Re8+ 9. Nge2 dxc4 10. O-O-O Kh8 11. Ng3 Bxc3 12. bxc3 Be6 13. d5 Bc8 14.
Bxc4 Nd7 15. Qh5 Ne5 16. Rd4 Rg8 17. Bb3 Qf8 18. Re1 Rg6 19. Qe2 Qh6+ 20. f4
Qxh2 21. Nf1 Qh6 22. Nd2 Bg4 23. Qb5 Qh4 24. Rde4 a6 25. Qf1 Nd7 26. d6 Nc5 27.
Re8+ Rg8 28. Rxa8 Rxa8 29. Re3 cxd6 30. Bxf7 Qh6 31. Bd5 Qf8 32. Qe1 Bf5 33.
Qe2 Bg6 34. Nb3 Rb8 35. g4 Nxb3+ 36. axb3 b5 37. f5 Bf7 38. Bxf7 Qxf7 39. Kb2
d5 40. Re7 Qf8 41. g5 fxg5 42. Qe5+ Kg8 43. f6 1-0

[Event "GCT Rapid Paris 2019"]
[Site "Paris FRA"]
[Date "2019.07.28"]
[Round "6"]
[White "Nakamura, Hikaru"]
[Black "Dubov, Daniil"]
[Result "1-0"]
[WhiteElo "2754"]
[BlackElo "2700"]
[PlyCount "81"]
[EventDate "2019.07.27"]

1. c4 Nf6 2. Nc3 c5 3. g3 e6 4. Nf3 d5 5. cxd5 exd5 6. d4 Nc6 7. Bg2 cxd4 8.
Nxd4 Bc5 9. Nxc6 bxc6 10. O-O O-O 11. Na4 Bb6 12. Nxb6 axb6 13. Qc2 c5 14. Bg5
Be6 15. e4 d4 16. e5 h6 17. exf6 hxg5 18. fxg7 Re8 19. Bxa8 Qxa8 20. f4 Qd5 21.
Qe2 g4 22. Rfe1 d3 23. Qe5 Rd8 24. Rad1 c4 25. Qxd5 Bxd5 26. Rd2 b5 27. a3 Kxg7
28. Kf2 Kg6 29. Re5 f6 30. Re7 Rb8 31. Ke3 b4 32. axb4 Rxb4 33. Kd4 Bg8 34. f5+
Kh6 35. h3 gxh3 36. Rh2 Rb8 37. Ke4 Bd5+ 38. Kxd5 d2 39. Rxh3+ Kg5 40. Rg7+
Kxf5 41. Rh5# 1-0

[Event "GCT Rapid Paris 2019"]
[Site "Paris FRA"]
[Date "2019.07.29"]
[Round "7"]
[White "Vachier-Lagrave, Maxime"]
[Black "Nakamura, Hikaru"]
[Result "1/2-1/2"]
[WhiteElo "2775"]
[BlackElo "2754"]
[PlyCount "48"]
[EventDate "2019.07.27"]

1. e4 e5 2. Nf3 Nc6 3. Bb5 Nf6 4. O-O Nxe4 5. d4 Nd6 6. Bxc6 dxc6 7. dxe5 Nf5
8. Qxd8+ Kxd8 9. h3 Ke8 10. Nc3 h5 11. Bf4 Be7 12. Rad1 Be6 13. Ng5 Rh6 14.
Rfe1 Bb4 15. a3 Bxc3 16. bxc3 h4 17. Ne4 Rg6 18. g4 hxg3 19. fxg3 Kf8 20. Kf2
Ne7 21. h4 Nd5 22. Bg5 Bf5 23. h5 Nxc3 24. hxg6 Nxe4+ 1/2-1/2

[Event "GCT Rapid Paris 2019"]
[Site "Paris FRA"]
[Date "2019.07.29"]
[Round "7"]
[White "Anand, Viswanathan"]
[Black "Mamedyarov, Shakhriyar"]
[Result "0-1"]
[WhiteElo "2764"]
[BlackElo "2765"]
[PlyCount "48"]
[EventDate "2019.07.27"]

1. e4 d5 2. exd5 Qxd5 3. Nc3 Qa5 4. d4 Nf6 5. Nf3 Bf5 6. Ne5 c6 7. Bf4 Nbd7 8.
Nc4 Qd8 9. d5 cxd5 10. Ne3 Be6 11. Qd2 Qa5 12. O-O-O g5 13. Bg3 Rc8 14. Bb5 Bg7
15. Be5 Rc5 16. Bxd7+ Kxd7 17. Nexd5 Bxd5 18. Qxg5 Rg8 19. Nxd5 Nxd5 20. Bxg7
Qxa2 21. Qf5+ Kc6 22. Bd4 Rc4 23. Rhe1 Qa1+ 24. Kd2 Rxd4+ 0-1

[Event "GCT Rapid Paris 2019"]
[Site "Paris FRA"]
[Date "2019.07.29"]
[Round "7"]
[White "Dubov, Daniil"]
[Black "Duda, Jan-Krzysztof"]
[Result "1/2-1/2"]
[WhiteElo "2700"]
[BlackElo "2729"]
[PlyCount "57"]
[EventDate "2019.07.27"]

1. d4 d5 2. c4 c6 3. Nf3 Nf6 4. g3 g6 5. b3 Bg7 6. Bb2 O-O 7. Bg2 a5 8. Nc3 Ne4
9. O-O Bf5 10. Rc1 Nxc3 11. Bxc3 Be4 12. e3 e6 13. Qe2 Nd7 14. Rfd1 f5 15. Ne5
Nxe5 16. dxe5 Bxg2 17. Kxg2 Qd7 18. f4 b5 19. Rc2 Rfc8 20. cxb5 cxb5 21. Rdc1
Bf8 22. Bd4 b4 23. Bb6 Rxc2 24. Rxc2 Qb7 25. Bd4 Kf7 26. g4 fxg4 27. Qxg4 Rc8
28. Rf2 Qd7 29. Qh4 1/2-1/2

[Event "GCT Rapid Paris 2019"]
[Site "Paris FRA"]
[Date "2019.07.29"]
[Round "7"]
[White "Nepomniachtchi, Ian"]
[Black "Grischuk, Alexander"]
[Result "0-1"]
[WhiteElo "2775"]
[BlackElo "2766"]
[PlyCount "102"]
[EventDate "2019.07.27"]

1. e4 e5 2. Nf3 Nc6 3. Bb5 Nf6 4. d3 Bc5 5. Nbd2 d6 6. c3 O-O 7. h3 Bb6 8. Nc4
Ne7 9. Nxb6 axb6 10. Ba4 Ng6 11. O-O Be6 12. Bc2 c5 13. a3 d5 14. Ng5 Bc8 15.
exd5 h6 16. Nf3 Qxd5 17. Bb3 Qd6 18. Be3 Be6 19. d4 cxd4 20. cxd4 e4 21. Nd2
Bxb3 22. Qxb3 Rfe8 23. Nc4 Qe6 24. Rac1 Nd5 25. Ne5 Rad8 26. Rfe1 Kh7 27. a4 f5
28. a5 bxa5 29. Qxb7 Nxe5 30. dxe5 Nxe3 31. Rxe3 Qxe5 32. Rg3 Re7 33. Qb6 Rd6
34. Qb3 f4 35. Rgc3 Red7 36. Re1 Rd2 37. Rc8 R7d5 38. Qb8 Qxb8 39. Rxb8 e3 40.
fxe3 Rg5 41. exf4 Rgxg2+ 42. Kh1 Rh2+ 43. Kg1 Rxh3 44. b4 Rg3+ 45. Kf1 Rf3+ 46.
Kg1 Rb2 47. b5 Rxf4 48. Rb7 Rf5 49. b6 Rf6 50. Ree7 Rg6+ 51. Kf1 a4 0-1

[Event "GCT Rapid Paris 2019"]
[Site "Paris FRA"]
[Date "2019.07.29"]
[Round "7"]
[White "Giri, Anish"]
[Black "Caruana, Fabiano"]
[Result "1/2-1/2"]
[WhiteElo "2779"]
[BlackElo "2819"]
[PlyCount "64"]
[EventDate "2019.07.27"]

1. Nf3 c5 2. c4 Nf6 3. Nc3 d5 4. cxd5 Nxd5 5. d4 Nxc3 6. bxc3 g6 7. e4 Bg7 8.
Rb1 O-O 9. Be2 b6 10. O-O Bb7 11. Qd3 e6 12. Bg5 Qd6 13. Qe3 Nd7 14. Rfd1 cxd4
15. cxd4 Rac8 16. a4 a5 17. Bb5 Bc6 18. Bf4 Qe7 19. Bg5 Qd6 20. Bf4 Qe7 21. Bg5
f6 22. Bxc6 Rxc6 23. Bh4 Rc4 24. Ra1 Qb4 25. Bg3 Rfc8 26. h4 h6 27. Qd3 Kh7 28.
Bf4 Qc3 29. Qe2 Qc2 30. Rd2 Qc3 31. Rdd1 Qc2 32. Rd2 Qc3 1/2-1/2

[Event "GCT Rapid Paris 2019"]
[Site "Paris FRA"]
[Date "2019.07.29"]
[Round "8"]
[White "Duda, Jan-Krzysztof"]
[Black "Vachier-Lagrave, Maxime"]
[Result "0-1"]
[WhiteElo "2729"]
[BlackElo "2775"]
[PlyCount "46"]
[EventDate "2019.07.27"]

1. e4 c5 2. Nf3 d6 3. Bb5+ Nd7 4. d4 cxd4 5. Qxd4 a6 6. Bxd7+ Bxd7 7. Bg5 h6 8.
Bh4 Qa5+ 9. Nc3 e5 10. Qd3 g5 11. Bg3 Nf6 12. h4 g4 13. Nd2 Rc8 14. h5 Be6 15.
Bh4 Nxh5 16. g3 Rg8 17. Nd5 f5 18. c4 Bxd5 19. cxd5 f4 20. a4 Qb6 21. b3 Qb4
22. Kd1 Rc3 23. Qe2 f3 0-1

[Event "GCT Rapid Paris 2019"]
[Site "Paris FRA"]
[Date "2019.07.29"]
[Round "8"]
[White "Nakamura, Hikaru"]
[Black "Nepomniachtchi, Ian"]
[Result "0-1"]
[WhiteElo "2754"]
[BlackElo "2775"]
[PlyCount "186"]
[EventDate "2019.07.27"]

1. d4 Nf6 2. c4 g6 3. Nc3 d5 4. cxd5 Nxd5 5. e4 Nxc3 6. bxc3 Bg7 7. Be3 c5 8.
Qd2 Qa5 9. Rc1 Nd7 10. Nf3 O-O 11. Bd3 e5 12. d5 f5 13. Qc2 f4 14. Bd2 b5 15.
c4 b4 16. O-O Qc7 17. a3 a5 18. axb4 axb4 19. Ra1 Ra7 20. Rxa7 Qxa7 21. Bc1 Nb6
22. Bb2 Qe7 23. Ra1 g5 24. Ne1 g4 25. Bf1 Bd7 26. Nd3 Ra8 27. Rxa8+ Nxa8 28.
Qc1 Nb6 29. Qa1 Nxc4 30. Nxb4 cxb4 31. Bxc4 Qc5 32. Bb3 g3 33. Qe1 Bf6 34. hxg3
fxg3 35. Qe2 Bh4 36. Bc4 Qxf2+ 37. Qxf2 gxf2+ 38. Kh2 Ba4 39. g3 Bb3 40. Bf1
Bd8 41. Kg2 Bc2 42. Kf3 Bc7 43. Kxf2 Bxe4 44. Bc4 Kg7 45. Bb3 Kf6 46. Bc1 Bb6+
47. Ke2 Bc5 48. g4 Bb1 49. Bd2 Bg6 50. Bh6 Be8 51. Kf3 Kg6 52. Bd2 Bd6 53. Bc1
Bb5 54. Bc2+ Kg7 55. Ke4 Be8 56. Kf3 Bg6 57. Bb3 Kf6 58. Be3 Bd3 59. Bb6 Kg5
60. Bd8+ Kg6 61. Ke3 Bb1 62. Kf3 e4+ 63. Ke3 Bc5+ 64. Kf4 e3 65. Bh4 e2 66. d6
Bxd6+ 67. Ke3 Be7 68. Be1 Kg5 69. Be6 Bc2 70. Bd2 Bd1 71. Kf2+ Kf6 72. Bc4 b3
73. Bxe2 Bc5+ 74. Ke1 Bxe2 75. Kxe2 Bd4 76. Kd3 b2 77. Kc2 Ke5 78. Bg5 Ke4 79.
Bd8 Kf3 80. g5 Kg4 81. Bf6 Be3 82. Bxb2 Bxg5 83. Kd3 Kf3 84. Bc3 h5 85. Be1 Bf6
86. Kd2 Bg5+ 87. Kd3 Bd8 88. Kd4 Bb6+ 89. Ke5 Bc7+ 90. Kf5 Bg3 91. Bc3 h4 92.
Bd4 h3 93. Bg1 Bf2 0-1

[Event "GCT Rapid Paris 2019"]
[Site "Paris FRA"]
[Date "2019.07.29"]
[Round "8"]
[White "Anand, Viswanathan"]
[Black "Dubov, Daniil"]
[Result "1/2-1/2"]
[WhiteElo "2764"]
[BlackElo "2700"]
[PlyCount "117"]
[EventDate "2019.07.27"]

1. e4 c5 2. Nf3 Nc6 3. Bb5 g6 4. Bxc6 bxc6 5. O-O Bg7 6. Re1 Nh6 7. c3 O-O 8.
d4 cxd4 9. cxd4 d5 10. e5 f6 11. e6 Qd6 12. Qe2 c5 13. Nc3 Nf5 14. Nb5 Qb6 15.
dxc5 Qxc5 16. Bf4 Ba6 17. a4 Qb4 18. Qd2 Qxd2 19. Bxd2 Bxb5 20. axb5 Rab8 21.
Rxa7 h5 22. Ra5 Rb7 23. Bc3 Nd6 24. b6 Rxb6 25. Rxd5 Rc8 26. Bd4 Rb5 27. Rxb5
Nxb5 28. Be3 Rc6 29. Nd4 Nxd4 30. Bxd4 Rc4 31. Be3 f5 32. Rb1 f4 33. b3 Re4 34.
Bc5 Rxe6 35. b4 Kf7 36. b5 Be5 37. Kf1 Bb8 38. Re1 f3 39. g3 Rxe1+ 40. Kxe1 e5
41. Kd2 Ke6 42. Kc3 Kd5 43. Be3 e4 44. b6 Bd6 45. Kb3 h4 46. Ka4 hxg3 47. hxg3
Kc6 48. Ka5 Kb7 49. Kb5 Be7 50. g4 Bd8 51. g5 Be7 52. Kc4 Kc6 53. b7 Kxb7 54.
Kd5 Kc7 55. Ke6 Bb4 56. Kf6 Kc6 57. Kxg6 Bc5 58. Kf5 Bxe3 59. Kxe4 1/2-1/2

[Event "GCT Rapid Paris 2019"]
[Site "Paris FRA"]
[Date "2019.07.29"]
[Round "8"]
[White "Grischuk, Alexander"]
[Black "Giri, Anish"]
[Result "1/2-1/2"]
[WhiteElo "2766"]
[BlackElo "2779"]
[PlyCount "25"]
[EventDate "2019.07.27"]

1. d4 Nf6 2. c4 e6 3. Nf3 d5 4. g3 Bb4+ 5. Bd2 Be7 6. Bg2 O-O 7. O-O Nbd7 8.
Qc2 c6 9. Rc1 a5 10. Bf4 Nh5 11. Bd2 Nhf6 12. Bf4 Nh5 13. Bd2 1/2-1/2

[Event "GCT Rapid Paris 2019"]
[Site "Paris FRA"]
[Date "2019.07.29"]
[Round "8"]
[White "Mamedyarov, Shakhriyar"]
[Black "Caruana, Fabiano"]
[Result "0-1"]
[WhiteElo "2765"]
[BlackElo "2819"]
[PlyCount "76"]
[EventDate "2019.07.27"]

1. d4 Nf6 2. c4 e6 3. Nf3 c5 4. d5 d6 5. Nc3 exd5 6. cxd5 g6 7. e4 Bg7 8. h3
O-O 9. Bd3 b5 10. a3 b4 11. Ne2 Re8 12. Qc2 Ba6 13. Nd2 Bxd3 14. Qxd3 Nbd7 15.
O-O a5 16. Ng3 h5 17. Re1 Nb6 18. Re2 Nfd7 19. Nf3 Ne5 20. Nxe5 Bxe5 21. Nf1 c4
22. Qd1 b3 23. Nd2 a4 24. Nf3 c3 25. bxc3 Bxc3 26. Bg5 Bf6 27. h4 Rc8 28. Qd3
Nc4 29. Rc1 Ne5 30. Nxe5 Rxc1+ 31. Bxc1 Bxe5 32. g3 Qc7 33. Be3 Rb8 34. f4 b2
35. Qb1 Qc4 36. Kf2 Bd4 37. Bxd4 Qxd4+ 38. Kg2 Rb3 0-1

[Event "GCT Rapid Paris 2019"]
[Site "Paris FRA"]
[Date "2019.07.29"]
[Round "9"]
[White "Vachier-Lagrave, Maxime"]
[Black "Anand, Viswanathan"]
[Result "1/2-1/2"]
[WhiteElo "2775"]
[BlackElo "2764"]
[PlyCount "44"]
[EventDate "2019.07.27"]

1. e4 e5 2. Nf3 Nc6 3. Bb5 a6 4. Ba4 Nf6 5. O-O Nxe4 6. d4 b5 7. Bb3 d5 8. dxe5
Be6 9. Be3 Be7 10. c3 O-O 11. Nbd2 Bg4 12. Nxe4 dxe4 13. Qd5 Qxd5 14. Bxd5 exf3
15. Bxc6 fxg2 16. Rfc1 Rab8 17. a3 Be6 18. b4 f6 19. Re1 Rbd8 20. Bd4 Bd5 21.
Bxd5+ Rxd5 22. Kxg2 fxe5 1/2-1/2

[Event "GCT Rapid Paris 2019"]
[Site "Paris FRA"]
[Date "2019.07.29"]
[Round "9"]
[White "Caruana, Fabiano"]
[Black "Grischuk, Alexander"]
[Result "0-1"]
[WhiteElo "2819"]
[BlackElo "2766"]
[PlyCount "80"]
[EventDate "2019.07.27"]

1. e4 e5 2. Nf3 Nc6 3. Bc4 Bc5 4. c3 Nf6 5. d3 d6 6. O-O a6 7. a4 Ba7 8. Re1
O-O 9. h3 Be6 10. Bxe6 fxe6 11. b4 Nh5 12. Ra2 Qe8 13. Na3 Nf4 14. Bxf4 Rxf4
15. Nc4 Qg6 16. b5 Raf8 17. Ncd2 Ne7 18. d4 Qf6 19. dxe5 dxe5 20. bxa6 bxa6 21.
Qe2 a5 22. Rf1 g5 23. Nc4 Ng6 24. Nh2 Qg7 25. Qd3 Nh4 26. Ng4 h5 27. Ngxe5 g4
28. hxg4 hxg4 29. Qg3 Qg5 30. Re2 Kg7 31. Nd3 R4f6 32. Qxc7+ R8f7 33. Qe5 Qh6
34. Qg3 Kh8 35. Rb2 Nf3+ 36. gxf3 gxf3 37. Rfb1 Rg7 38. Qxg7+ Qxg7+ 39. Kf1 Rh6
40. Ke1 Qxc3+ 0-1

[Event "GCT Rapid Paris 2019"]
[Site "Paris FRA"]
[Date "2019.07.29"]
[Round "9"]
[White "Dubov, Daniil"]
[Black "Mamedyarov, Shakhriyar"]
[Result "1-0"]
[WhiteElo "2700"]
[BlackElo "2765"]
[PlyCount "59"]
[EventDate "2019.07.27"]

1. e4 d5 2. exd5 Qxd5 3. d4 Nf6 4. Nf3 c6 5. Be2 Bf5 6. O-O e6 7. c4 Qd8 8. Nc3
Be7 9. Be3 O-O 10. Nh4 Bg6 11. Nxg6 hxg6 12. Bf3 Qa5 13. d5 exd5 14. cxd5 Bb4
15. Qb3 Bxc3 16. bxc3 Nxd5 17. Qxb7 Nxe3 18. fxe3 Na6 19. Bxc6 Rac8 20. Rxf7
Qxc3 21. Rxf8+ Rxf8 22. Qb3+ Qxb3 23. axb3 Nb4 24. Be4 Kh7 25. Ra4 Rb8 26. Kf2
a6 27. Ra5 Kh6 28. Re5 Rb6 29. h4 Na2 30. g4 1-0

[Event "GCT Rapid Paris 2019"]
[Site "Paris FRA"]
[Date "2019.07.29"]
[Round "9"]
[White "Nepomniachtchi, Ian"]
[Black "Duda, Jan-Krzysztof"]
[Result "1-0"]
[WhiteElo "2775"]
[BlackElo "2729"]
[PlyCount "125"]
[EventDate "2019.07.27"]

1. e4 e5 2. Nf3 Nf6 3. Nxe5 d6 4. Nf3 Nxe4 5. Nc3 Nxc3 6. dxc3 Be7 7. Be3 O-O
8. Qd2 Nd7 9. O-O-O Nf6 10. Bd3 c5 11. Rhe1 Be6 12. Kb1 Qa5 13. c4 Qxd2 14.
Bxd2 h6 15. b3 Rad8 16. Bf5 Bxf5 17. Rxe7 d5 18. Rxb7 dxc4 19. Kc1 Ne4 20. Be1
cxb3 21. Rxd8 Rxd8 22. axb3 c4 23. bxc4 Nd6 24. Rxa7 Nxc4 25. Rc7 Na3 26. Rc5
Be4 27. Ba5 Rd5 28. Rxd5 Bxd5 29. Ne1 f6 30. Kd1 Kf7 31. Ke2 Be4 32. f3 Bf5 33.
c3 Nc4 34. Bc7 h5 35. Nd3 Ke7 36. Nc5 Bc2 37. Nd3 Kd7 38. Bg3 Ke7 39. Nf4 g5
40. Nd3 h4 41. Bb8 Ke6 42. Ba7 Ne5 43. Nf2 Ba4 44. Ne4 Bb5+ 45. Ke3 g4 46. Bd4
h3 47. gxh3 Nxf3 48. hxg4 Nxh2 49. Nxf6 Bc4 50. Kf4 Be2 51. g5 Bd3 52. Ne4 Kf7
53. c4 Kg6 54. c5 Bb5 55. Nd6 Bc6 56. Nc4 Nf3 57. Bf6 Bd5 58. Ne5+ Nxe5 59.
Kxe5 Bf3 60. Kd6 Kf7 61. c6 Bg4 62. Kc7 Bf5 63. Kd8 1-0

[Event "GCT Rapid Paris 2019"]
[Site "Paris FRA"]
[Date "2019.07.29"]
[Round "9"]
[White "Giri, Anish"]
[Black "Nakamura, Hikaru"]
[Result "1/2-1/2"]
[WhiteElo "2779"]
[BlackElo "2754"]
[PlyCount "43"]
[EventDate "2019.07.27"]

1. e4 e5 2. Nf3 Nc6 3. Bb5 Nf6 4. O-O Nxe4 5. Re1 Nd6 6. Nxe5 Be7 7. Bf1 Nxe5
8. Rxe5 O-O 9. d4 Ne8 10. c4 Bf6 11. Re1 d5 12. cxd5 Qxd5 13. Be3 Be6 14. Nc3
Qd8 15. d5 Bf5 16. Bd4 Nd6 17. h3 a6 18. a4 Re8 19. Rxe8+ Nxe8 20. a5 Bxd4 21.
Qxd4 Qe7 22. Qd2 1/2-1/2

[Event "52nd Biel Grandmaster 2019"]
[Site "Biel SUI"]
[Date "2019.07.28"]
[Round "5"]
[White "Vidit, Santosh Gujrathi"]
[Black "Bogner, Sebastian"]
[Result "1-0"]
[WhiteElo "2703"]
[BlackElo "2584"]
[PlyCount "59"]
[EventDate "2019.07.22"]

1. d4 d5 2. c4 c6 3. Nf3 Nf6 4. Nc3 a6 5. e3 Bf5 6. Nh4 Bg4 7. Qc2 e6 8. h3 Bh5
9. g4 Nfd7 10. gxh5 Qxh4 11. Bd2 dxc4 12. Bxc4 c5 13. O-O-O Nc6 14. Rhg1 cxd4
15. exd4 Qxd4 16. Ne4 Nc5 17. Ng5 Ne5 18. Be2 Ned3+ 19. Kb1 Nb4 20. Bxb4 Qxb4
21. Rg4 Qb6 22. h6 g6 23. Qc3 Rg8 24. Nxh7 Bxh6 25. Nf6+ Ke7 26. Rb4 Qa5 27.
Ne4 Rac8 28. Qf6+ Kf8 29. Nd6 Rc7 30. Nc4 1-0

[Event "52nd Biel Grandmaster 2019"]
[Site "Biel SUI"]
[Date "2019.07.28"]
[Round "5"]
[White "Abdusattorov, Nodirbek"]
[Black "Georgiadis, Nico"]
[Result "1-0"]
[WhiteElo "2598"]
[BlackElo "2514"]
[PlyCount "195"]
[EventDate "2019.07.22"]

1. e4 e5 2. Nf3 Nc6 3. Bb5 Nf6 4. Nc3 Bb4 5. O-O O-O 6. d3 d6 7. Bxc6 bxc6 8.
Ne2 h6 9. Ng3 Re8 10. c3 Bc5 11. Re1 a5 12. h3 Be6 13. Qc2 a4 14. Bd2 Bb6 15.
c4 c5 16. Rf1 Nd7 17. Be3 c6 18. Kh2 d5 19. Rae1 Qe7 20. Ng1 Bc7 21. N1e2 dxc4
22. dxc4 Nf8 23. Nf5 Bxf5 24. exf5 e4+ 25. Kg1 a3 26. b3 Qf6 27. Ng3 h5 28. Qc1
h4 29. Bg5 Qd4 30. Ne2 Qd7 31. Bxh4 Qxf5 32. Bg3 Ba5 33. Rd1 Bb4 34. Qf4 Qxf4
35. Bxf4 Ng6 36. Be3 f5 37. Rd6 Ne5 38. Rfd1 Rac8 39. Ng3 Rf8 40. Nh5 Nd3 41.
Nf4 Nb2 42. Rf1 Rfd8 43. Rxd8+ Rxd8 44. Ne6 Re8 45. Nc7 Rd8 46. Na6 Kf7 47. g3
Nd3 48. Rd1 Ra8 49. Nxb4 cxb4 50. f4 Ke6 51. g4 Rf8 52. Rf1 g6 53. Kh2 g5 54.
fxg5 f4 55. g6 Ke5 56. Bb6 Kf6 57. h4 Kxg6 58. Kg2 e3 59. Kf3 Ne5+ 60. Ke2 f3+
61. Kxe3 Nxg4+ 62. Ke4 f2 63. Kd3 Rf3+ 64. Ke2 Rc3 65. Kd2 Rf3 66. Ke2 Rc3 67.
Kd2 Nf6 68. Bxf2 Ne4+ 69. Kd1 c5 70. Be1 Rd3+ 71. Ke2 Rh3 72. Rf4 Rh2+ 73. Kd3
Rxa2 74. Rxe4 Rb2 75. Re6+ Kf5 76. Ra6 Rxb3+ 77. Ke2 Ke4 78. h5 Re3+ 79. Kd2
Rh3 80. Bf2 Rh2 81. Ke2 Rxh5 82. Re6+ Kf5 83. Ra6 Ke4 84. Re6+ Re5 85. Ra6 Kf4+
86. Kd3 Kf3 87. Bg1 Kg4 88. Ra5 Kf3 89. Bxc5 a2 90. Rxa2 Rxc5 91. Rb2 Kf4 92.
Rxb4 Ke5 93. Rb6 Ra5 94. Kc3 Ra1 95. Kb4 Rb1+ 96. Kc5 Rc1 97. Rh6 Rc2 98. Kb5
1-0

[Event "52nd Biel Grandmaster 2019"]
[Site "Biel SUI"]
[Date "2019.07.28"]
[Round "5"]
[White "Maghsoodloo, Parham"]
[Black "Leko, Peter"]
[Result "1-0"]
[WhiteElo "2656"]
[BlackElo "2674"]
[PlyCount "141"]
[EventDate "2019.07.22"]

1. Nf3 Nf6 2. c4 c5 3. b3 g6 4. g3 b6 5. Bg2 Bb7 6. O-O Bg7 7. Bb2 O-O 8. d4
cxd4 9. Qxd4 d6 10. Rd1 Nbd7 11. Nc3 Ne4 12. Qe3 Nxc3 13. Bxc3 Bxc3 14. Qxc3
Rc8 15. a4 Nf6 16. Qe3 Rc5 17. Ne1 Bxg2 18. Nxg2 Qc7 19. Nf4 Qb7 20. Nd3 Rc7
21. Nb4 a5 22. Nd5 Nxd5 23. Rxd5 Rfc8 24. Qh6 Rc5 25. e4 Qd7 26. Rad1 Qg4 27.
Re1 Qf3 28. Re3 Qf6 29. Kg2 Qe6 30. h4 f6 31. Qf4 h5 32. Qh6 Qf7 33. Rf3 Qh7
34. Qf4 Kg7 35. Qd2 Qg8 36. Re3 Qf7 37. f4 Kh7 38. Qe2 Qe6 39. Qd3 Kg7 40. f5
Qf7 41. Rf3 gxf5 42. Rdxf5 Qg6 43. R3f4 Kh7 44. Qf3 Re5 45. Rxe5 dxe5 46. Rf5
Rd8 47. Rxh5+ Kg7 48. Rf5 e6 49. h5 Rd2+ 50. Kh3 Qh6 51. Qg4+ Kf7 52. Rf1 Rd4
53. Rf2 Ke7 54. Qf3 Qg5 55. Rc2 Kd6 56. Kg2 f5 57. c5+ bxc5 58. Qc3 c4 59. bxc4
fxe4 60. c5+ Ke7 61. c6 Rd3 62. Qc5+ Ke8 63. Qf2 Rd8 64. c7 Rc8 65. Qb6 Ke7 66.
Qc5+ Kd7 67. Rf2 Qxh5 68. Rd2+ Ke8 69. Qc6+ Kf8 70. Qd6+ Kg7 71. Qe7+ 1-0

[Event "52nd Biel Grandmaster 2019"]
[Site "Biel SUI"]
[Date "2019.07.28"]
[Round "5"]
[White "Cori, Jorge"]
[Black "Shankland, Sam"]
[Result "1-0"]
[WhiteElo "2686"]
[BlackElo "2713"]
[PlyCount "103"]
[EventDate "2019.07.22"]

1. d4 Nf6 2. Nf3 d5 3. c4 e6 4. Nc3 c6 5. e3 Nbd7 6. Qc2 Bd6 7. b3 O-O 8. Bb2
e5 9. Be2 e4 10. Nd2 Re8 11. g4 Nf8 12. h3 g5 13. O-O-O Ng6 14. Kb1 Nh4 15.
Rhg1 Bh2 16. Rgf1 Bd7 17. f3 Ng2 18. fxe4 Nxe3 19. Qd3 Bf4 20. e5 Nh5 21. Rf3
Nxd1 22. Bxd1 Ng7 23. cxd5 f5 24. Bc2 Rf8 25. Ba3 Rf7 26. Nc4 cxd5 27. Nd6 Qa5
28. Bc5 b6 29. Nxf7 bxc5 30. Nh6+ Kf8 31. gxf5 c4 32. Qe2 Rc8 33. e6 cxb3 34.
axb3 Bxe6 35. f6 Rc6 36. fxg7+ Kxg7 37. Qd3 Qa3 38. Ng4 Bg8 39. Ne5 Rb6 40. Qd1
Be6 41. Qd3 Bg8 42. Nd7 Ra6 43. Na4 Re6 44. Rf1 Qb4 45. Nac5 Re8 46. Rd1 Re1
47. Rxe1 Qxe1+ 48. Ka2 Be3 49. Ne5 Qg1 50. b4 Qe1 51. Nc6 Qf2 52. Ne7 1-0

[Event "52nd Biel Grandmaster 2019"]
[Site "Biel SUI"]
[Date "2019.07.29"]
[Round "6"]
[White "Bogner, Sebastian"]
[Black "Shankland, Sam"]
[Result "1/2-1/2"]
[WhiteElo "2584"]
[BlackElo "2713"]
[PlyCount "80"]
[EventDate "2019.07.22"]

1. d4 Nf6 2. c4 g6 3. Nc3 d5 4. cxd5 Nxd5 5. e4 Nxc3 6. bxc3 Bg7 7. Nf3 c5 8.
Bb5+ Bd7 9. Be2 Qa5 10. Bd2 O-O 11. O-O Rd8 12. Qb3 Qc7 13. d5 Bg4 14. Rab1 b6
15. Bg5 Qd6 16. Rfe1 Nd7 17. Bh4 Bxf3 18. Bxf3 c4 19. Qxc4 Rdc8 20. Qa6 Bxc3
21. Rec1 Nc5 22. Qc4 Be5 23. Bg3 Rc7 24. Bxe5 Qxe5 25. Qc3 Qg5 26. e5 Rac8 27.
d6 exd6 28. exd6 Rd7 29. Rd1 Rcd8 30. Rd5 Qh6 31. Rbd1 Qf8 32. Qf6 Nb7 33. R5d4
Qg7 34. Qxg7+ Kxg7 35. Bxb7 Rxb7 36. a4 Rbd7 37. f4 f5 38. Rd5 Kf6 39. a5 bxa5
40. Rxa5 Rxd6 1/2-1/2

[Event "52nd Biel Grandmaster 2019"]
[Site "Biel SUI"]
[Date "2019.07.29"]
[Round "6"]
[White "Vidit, Santosh Gujrathi"]
[Black "Abdusattorov, Nodirbek"]
[Result "1/2-1/2"]
[WhiteElo "2703"]
[BlackElo "2598"]
[PlyCount "81"]
[EventDate "2019.07.22"]

1. d4 Nf6 2. c4 e6 3. Nf3 d5 4. g3 Be7 5. Bg2 O-O 6. O-O dxc4 7. Qc2 a6 8. a4
Bd7 9. Qxc4 Bc6 10. Bg5 Bd5 11. Qc2 Be4 12. Qc1 h6 13. Bxf6 Bxf6 14. Rd1 a5 15.
Nbd2 Bxf3 16. Bxf3 c6 17. Nc4 Na6 18. e3 Nb4 19. Qd2 Qc7 20. Qe2 Rad8 21. h4 e5
22. dxe5 Bxe5 23. h5 Bf6 24. Kg2 Rfe8 25. Rac1 Be7 26. Rxd8 Rxd8 27. Rd1 Nd5
28. Qc2 Nf6 29. Qf5 Bb4 30. Qe5 Qxe5 31. Nxe5 Rxd1 32. Bxd1 Bd6 33. Nc4 Bc7 34.
g4 Kf8 35. f4 Ne4 36. Kf3 Nc5 37. b3 Ke7 38. Nd2 Nd3 39. Ne4 Bb6 40. Ng3 Bc5
41. Nf5+ 1/2-1/2